Normal view
MARC view
Entry Geographic Name
001 - CONTROL NUMBER
- control field: 787223
003 - CONTROL NUMBER IDENTIFIER
- control field:
005 - DATE AND TIME OF LATEST TRANSACTION
- control field: 20210627054522.0
008 - FIXED-LENGTH DATA ELEMENTS
- fixed length control field: 210627|| aca||aabn | a|a d
040 ## - CATALOGING SOURCE
- Original cataloging agency:
- Transcribing agency:
151 ## - HEADING--GEOGRAPHIC NAME
- Geographic name: India
- General subdivision: History
- Chronological subdivision: 1526-1765
- General subdivision: Sources
670 ## - SOURCE DATA FOUND
- Source citation: Work cat.: ()661787: Foster, William, Sir, 1863-1951 777054, The English factories in India, 1618-1621 :, 1906
